Introducción crítica a la lingüística descriptiva y comparada
Uloženo v:
| Hlavní autor: | |
|---|---|
| Médium: | Kniha |
| Jazyk: | španělština |
| Vydáno: |
Madrid
Gredos
1975
|
| Edice: | Biblioteca Románica Hispánica. II, Estudios y Ensayos, 227
|
| Témata: | |
| Tagy: |
Přidat tag
Žádné tagy, Buďte první, kdo vytvoří štítek k tomuto záznamu!
|
MARC
| LEADER | 00000nam a2200000 a 4500 | ||
|---|---|---|---|
| 001 | UCQ6024 | ||
| 003 | CL-VaPUC | ||
| 008 | 981009e19750000SP |||||||||||||||||spa|d | ||
| 082 | 0 | 4 | |a 410 |b PAL |2 21 |
| 100 | |a Palmer, Leonard Robert |e autor |9 419966 | ||
| 245 | 1 | 0 | |a Introducción crítica a la lingüística descriptiva y comparada |
| 300 | |a 586 p | ||
| 942 | |c BK | ||
| 945 | |d 19981009 00:00:00 |a cmena | ||
| 260 | |a Madrid |b Gredos |c 1975 | ||
| 650 | 7 | |a LINGUISTICA DESCRIPTIVA |2 CL-VaPUC |9 419967 | |
| 650 | 0 | |a Linguistica comparada |9 419968 | |
| 650 | 7 | |a TEORIA LINGUISTICA |2 CL-VaPUC |9 334835 | |
| 650 | 0 | |a Lingüística |9 265068 | |
| 650 | 0 | |a Filosofía del lenguaje |9 257082 | |
| 583 | |a last modification |c 19981009 00:00:00 |k Rodrigo Vera | ||
| 490 | 0 | |a Biblioteca Románica Hispánica. II, Estudios y Ensayos, 227 | |
| 999 | |c 276027 |d 276025 | ||
| 952 | |0 0 |1 0 |4 0 |6 410_000000000000000_PAL_1975 |7 0 |8 A |9 313129 |a FDOPOS |b FDOPOS |d 2019-11-20 |i 1464981 |o 410 PAL 1975 |p 1464981 |r 2025-01-22 |w 2019-11-20 |y BK |k MLA | ||